|
|
|
|
| LEADER |
00000cam a2200000 7i4500 |
| 001 |
0000001520 |
| 005 |
20010727.0 |
| 090 |
0 |
0 |
|a R 555.95114
|b ING 1960
|
| 100 |
1 |
0 |
|a INGHAM
|h F. T.
|
| 245 |
1 |
4 |
|a The geology and mineral resources of the Kinta Valley, Perak
|c by F. T. Ingham and E. F. Bradford
|
| 260 |
0 |
0 |
|a Ipoh, Perak :
|b Geological Survey Headquarters ,
|c 1960
|
| 300 |
|
|
|a xxi,347 p. :
|b ill., maps, folded maps ;
|c 26 cm.
|
| 440 |
0 |
0 |
|a Geological Survey District Memoir; 9
|
| 500 |
0 |
0 |
|a Includes bibliography [p. 318-322] and index
|
| 650 |
0 |
0 |
|a Geology
|z Perak
|
| 650 |
0 |
0 |
|a Mines and mineral resources
|z Perak
|
| 700 |
0 |
1 |
|a Bradford
|h E. F.
|
| 998 |
|
|
|a JPSM
|
| 999 |
|
|
|a 0000003922
|b Monograph
|c Reference
|e Default branch
|